000
00298nam a22001217a 4500
020
_a
9788176222648
082
_a
637.1
_b
PAN/AD
245
_a
Advance in Indigenous Dairy Products
260
_a
New Delhi
_b
Biotech Books
_c
2013
300
_a
232
700
_a
Pandey,Rajendra Kumar
_9
337
942
_c
BK
999
_c
14393
_d
14393